Системи автоматичного перекладу (Запис № 284154)

МАРК-запис
000 -LEADER
fixed length control field 01422nam a22001577a 4500
041 ## - LANGUAGE CODE
Language code of text/sound track or separate title ukr
080 ## - UNIVERSAL DECIMAL CLASSIFICATION NUMBER
Universal Decimal Classification number 09
090 ## - LOCALLY ASSIGNED LC-TYPE CALL NUMBER (OCLC); LOCAL CALL NUMBER (OCLC)
Local cutter number (OCLC) ; Book number/undivided call number, CALL (RLIN) ГОР
100 ## - MAIN ENTRY--PERSONAL NAME
Personal name Гордійчук М.А.
245 ## - TITLE STATEMENT
Title Системи автоматичного перекладу
260 ## - PUBLICATION, DISTRIBUTION, ETC. (IMPRINT)
Place of publication, distribution, etc Острог
Name of publisher, distributor, etc КАФ
Date of publication, distribution, etc 2009
300 ## - PHYSICAL DESCRIPTION
Extent 53
520 ## - SUMMARY, ETC.
Summary, etc ВСТУП<br/>РОЗДІЛ 1 СИСТЕМИ АВТОМАТИЧНОГО ПЕРЕКЛАДУ: ОЗНАЙОМЛЕННЯ, ІСТОРІЯ ВИНИКНЕННЯ ТА ПЕРСПЕКТИВИ<br/>1.1Сутність поняття та функції систем автоматичного перекладу.<br/>1.2 Історія зародження та розвитку систем автоматичного перекладу.<br/>1.3 Сучасні тенденції та проблеми розвитку систем автоматичного перекладу.<br/>РОЗДІЛ 2 СИСТЕМА АВТОМАТИЧНОГО ПЕРЕКЛАДУ TRADOS<br/>2.1 Історія становлення та загальна характеристика системи автоматичного перекладу Trados.<br/>2.2 Структура та функції програмного модуля Trados Translators Workbench.<br/>2.3 Оцінка перекладу системами Trados та Pragma.<br/>ВИСНОВКИ
-- автоматичний переклад,Trados,Pragma
650 ## - SUBJECT ADDED ENTRY--TOPICAL TERM
Topical term or geographic name as entry element Research Papers
942 ## - ADDED ENTRY ELEMENTS (KOHA)
Koha item type Книги
Фонди
Withdrawn status Lost status Source of classification or shelving scheme Damaged status Not for loan Home library Current library Date acquired Source of acquisition Cost, normal purchase price Total Checkouts Full call number Barcode Date last seen Price effective from Koha item type
    Universal Decimal Classification     ВІЛ - Відділ іноземн. літератури НБ ВІЛ - Відділ іноземн. літератури НБ 16/04/2009 Акт №1 1.00   09 213374 15/12/2021 16/04/2009 Книги